| 000 | 00883nam a22003370a 4500 | ||
|---|---|---|---|
| 001 | PT30522 | ||
| 003 | AR-LpoUNG | ||
| 005 | 20210131233629.0 | ||
| 008 | 191001s1986||||ag |||||||||||||||||spa d | ||
| 020 |
_a9506000700 _c$100 |
||
| 040 |
_aAR-LpoUNG _bspa _cAR-LpoUNG _eaacr |
||
| 041 | _aspa | ||
| 044 | _aag | ||
| 082 | 0 | _a982.066 464ilu | |
| 100 | 1 | _aGilbert, Isidoro | |
| 245 | 1 | 3 |
_aLa ilusión del progreso apolítico : _buna respuesta a Rodolfo H. Terragno |
| 250 | _a1§ edición | ||
| 260 |
_aBuenos Aires : _bLegasa, _c1986. |
||
| 300 |
_a250 p. : _btbls., gráfs., fot., il. |
||
| 650 | 4 | _aANALISIS HISTORICO | |
| 650 | 4 | _aARGENTINA | |
| 650 | 4 | _aCAPITALISMO | |
| 650 | 4 | _aCULTURA | |
| 650 | 4 | _aHISTORIA | |
| 650 | 4 | _aHISTORIA POLITICA | |
| 650 | 4 | _aHISTORIA SOCIAL | |
| 650 | 4 | _aPOLITICA | |
| 650 | 4 | _aSOCIALISMO | |
| 905 | _a30522 | ||
| 942 | _cLIB | ||
| 999 |
_c21847 _d21847 |
||